Statistiques concernant Meilleurs sons de Nekfeu

Cliquez ici pour prendre le quiz!

Statistiques générales

  • Ce quiz a été pris 1 586 fois
    (515 depuis la dernière actualisation)
  • Le résultat moyen est 7 sur 15

Statistiques - réponses

RangTitresStreams% Correct
1On verra113,6M
95%
4Elle pleut (ft. Nemir)101,4M
74%
8Princesse (ft. Nemir)65,3M
74%
3Dans l'univers (ft. Vanessa Paradis)107,3M
69%
5Galatée85,1M
66%
2Tricheur (ft. Damso)109,6M
61%
9Ma dope (ft. S.Pri Noir)65,2M
53%
11Nique les clones, Pt. ll54,3M
43%
10Mauvaise graine63,2M
39%
15Cheum52,9M
29%
14SPECIAL (ft. Laylow, Fousheé)53,8M
16%
6De l'autre côté (ft. Ninho)81,6M
14%
13J'aurais pas dû (ft. S-Crew)53,8M
14%
12Les princes (ft. MZ)54,1M
13%
7Juste pour voir (ft. S.Pri Noir)69,2M
10%

Distribution des résultats

Percentile par nombre de réponses

% des personnes avec chaque résultat

Votre développement - résultats

Vous n’avez pas pris ce quiz depuis la dernière actualisation